Statistics for Geography of Ontario Quiz

Click here to take the quiz!

General Stats

  • This quiz has been taken 180 times
  • The average score is 11 of 17

Answer Stats

QuestionAnswer% Correct
What city in Ontario is the capital of Canada?Ottawa
99%
What is the only Great Lake that Ontario does not border?Lake {Michigan}
97%
What bay touches Quebec, Ontario, Manitoba, and Nunavut?Hudson Bay
94%
What is the collective name of Horeshoe Falls, American Falls, and Bridal Veil Falls?Niagara Falls
92%
What tower in Toronto was world's tallest between 1976–2010?CN Tower
91%
What U.S. city can be reached by driving north from Windsor?Detroit
85%
What city in New York is connected to Fort Erie, Ontario via the Peace Bridge?Buffalo
82%
What river makes the eastern border between Ontario and New York?Saint Lawrence
79%
What is the biggest Canadian city on Lake Superior?Thunder Bay
62%
What Québécois city is located on the other side of the above?Gatineau
48%
What lake between Ontario and Minnesota forms the northernmost point of
the continental 48 United States?
Lake of the {Woods}
48%
What city on Lake Superior is shared by Ontario and Michigan's Upper Peninsula?Sault Ste. Marie
48%
What stadium is home of the Toronto Blue Jays?{Roger}s Centre
43%
In what small part of the above is Nunavut's Akimiski Island located near Ontario?James Bay
33%
Ontario's Manitoulin Island is world's largest of what type of island?{Lake} Island
33%
What highly urbanized region includes Toronto metropolitan area?Golden Horseshoe
30%
Name either of the two longest rivers in Ontario.Severn | Albany
26%

Score Distribution

Percentile by Number Answered

Percent of People with Each Score

Your Score History

You have not taken this quiz